| 000 | 00407nam a22001457a 4500 | ||
|---|---|---|---|
| 003 | NUST | ||
| 005 | 20230928094629.0 | ||
| 008 | 230928b ||||| |||| 00| 0 eng d | ||
| 082 |
_2942.055 _aMAT 1959 |
||
| 100 |
_aMattingly, Garrett _9118248 |
||
| 245 |
_aThe defeat of the Spanish Armada _c Garrett Mattingly |
||
| 260 |
_aLondon _bThe Reprint Society _c1959 |
||
| 300 |
_a415 p; _bmap |
||
| 942 |
_2ddc _cBK |
||
| 999 |
_c603260 _d603260 |
||